Langues régionales - mort subite - Statistiques

Statistiques générales
  • Ce quiz a été pris 419 fois
  • Le résultat moyen est 4 sur 18
Answers on the Grid
Answers color-coded by a green-red scale on the quiz's grid according to % correct below.
Chtimi
Picard
Normand
Flamand
Francique
Lorrain
Alsacien
Franc-Comtois
Catalan
Occitan
Arpitan
Gallo
Breton
Poitevin-saintongeais
Guyennais
Bressan
Forézien
Burgondan
Limousin
Savoyard
Romanche
Auvergnat
Languedocien
Frison
Luxembourgeois
Verlan
Bas allemand
Sarde
Créole martiniquais
Créole réunionnais
Créole haïtien
Créole jamaïcain
Créole ngatik
Ladin
Beauceron
Ardennais
 
Statistiques - réponses
Réponse % Correct
Breton
47%
Catalan
42%
Occitan
42%
Alsacien
38%
Picard
36%
Créole réunionnais
34%
Normand
32%
Créole martiniquais
31%
Flamand
25%
Lorrain
25%
Chtimi
23%
Franc-Comtois
22%
Créole haïtien
15%
Gallo
11%
Luxembourgeois
6%
Poitevin-saintongeais
6%
Arpitan
5%
Francique
3%
Aucun quiz correspondant
Distribution des résultats
% des personnes avec chaque résultat
Percentile par nombre de réponses
Votre historique - résultats
Vous n’avez pas pris ce quiz